000
00228nam a22000857a 4500
008
161201b xxu||||| |||| 00| 0 eng d
100
_9
1685
_a
Gupta,B.R
245
_a
Pioneer English Grammer & Composition
260
_b
New Delhi
_c
Navdeep
999
_c
4396
_d
4396